00774nam a2200241Ia 4500008004100000020001800041050001600059050001400075245002900089245001400118245003000132260001700162260003300179260000900212300001500221300002000236300001100256650002300267650004400290650005900334999001900393952012000412160418s9999 xx 000 0 und d a971-92981-4-6 aFIL GV 708  b.I53 2004 aIndividual dual sports : bP. E. 3 / cDoris D. Tulio… [et al] aMandaluyong: bGoodwill Tradaing Co., Inc., c2004 a75 pages : billustrations ; c25 cm. aIndividual sports. aPhysical fitness -- Study and teaching. xPhysical education and training -- Study and teaching. c293376d293376 001040aSMCbSMCcFILd2005-03-07g110.00l0oFIL GV 708 .I53 2004pSMC01657r2016-04-18 00:00:00w2016-04-18yBK